Southville International School and Colleges
Your cart is empty.
  • Cart
  • Lists
    Public lists Eva Luna New books Lux_list list_1
    Your lists Log in to create your own lists
  • Log in to your account
  • Your cookies
  • Search history
Southville International School and Colleges
  • Advanced search
  • Recent comments
  • Most popular
  • Libraries

Log in to your account

Log in with GOOGLE


If you do not have an external account, but do have a local account, you can still log in:

  1. Home
  2. MARC view: Point of sale & inventory system for shawarma snack center /
Normal view MARC view ISBD view

Point of sale & inventory system for shawarma snack center / (Record no. 293948)

[ view plain ]
MARC details
000 -LEADER
fixed length control field 00608nam a2200217Ia 4500
008 - FIXED-LENGTH DATA ELEMENTS--GENERAL INFORMATION
fixed length control field 160517s9999 xx 000 0 und d
050 ## - LIBRARY OF CONGRESS CALL NUMBER
Classification number HD 28
050 ## - LIBRARY OF CONGRESS CALL NUMBER
Item number .C744 2016
100 ## - MAIN ENTRY--PERSONAL NAME
Personal name Concepcion, Joshua C.
245 ## - TITLE STATEMENT
Title Point of sale & inventory system for shawarma snack center /
245 ## - TITLE STATEMENT
Statement of responsibility, etc Joshua A. Concepcion.
260 ## - PUBLICATION, DISTRIBUTION, ETC. (IMPRINT)
Place of publication, distribution, etc Las Piñas, Philippines :
260 ## - PUBLICATION, DISTRIBUTION, ETC. (IMPRINT)
Name of publisher, distributor, etc SISC,
260 ## - PUBLICATION, DISTRIBUTION, ETC. (IMPRINT)
Date of publication, distribution, etc 2016.
300 ## - PHYSICAL DESCRIPTION
Extent 112 pages :
300 ## - PHYSICAL DESCRIPTION
Other physical details illustrations ;
300 ## - PHYSICAL DESCRIPTION
Dimensions 28 cm.
500 ## - GENERAL NOTE
General note Includes bibliographical references and appendices.
521 ## - TARGET AUDIENCE NOTE
Target audience note Information Technology
942 ## - ADDED ENTRY ELEMENTS (KOHA)
Koha item type Theses
Holdings
Withdrawn status Lost status Damaged status Home library Current library Shelving location Date acquired Total Checkouts Full call number Barcode Date last seen Price effective from Koha item type
      College Library College Library   05/17/2016   HD 28 .C744 2016 T0943 05/15/2018 05/17/2016 Theses

Point of sale & inventory system for shawarma snack center /

APA

Concepcion J. C., .Point of sale & inventory system for shawarma snack center. Las Piñas, Philippines: .

Chicago

Concepcion Joshua C, .Point of sale & inventory system for shawarma snack center. Las Piñas, Philippines: .

Harvard

Concepcion J. C., .Point of sale & inventory system for shawarma snack center. Las Piñas, Philippines: .

MLA

Concepcion Joshua C, .Las Piñas, Philippines: . .

  • Print
  • Cite
  • Add to your cart (remove)
  • Save record
    BIBTEX Dublin Core MARCXML MARC (non-Unicode/MARC-8) MARC (Unicode/UTF-8) MARC (Unicode/UTF-8, Standard) MODS (XML) RIS
  • More searches
    Search for this title in:
    Other Libraries (WorldCat) Other Databases (Google Scholar) Online Stores (Bookfinder.com) Open Library (openlibrary.org)

Exporting to Dublin Core...

SOUTHVILLE LIBRARY

Southville International School and Colleges Library

1281 Tropical Ave. Cor. Luxembourg St., BF Homes International, Las Pinas City

Tel. No. 8256374 / 252358 Loc. 117/146

Powered by Koha